Central Library OPAC University of Rajshahi
Normal view MARC view

Entry Topical Term

Number of records used in: 2

001 - CONTROL NUMBER

  • control field: 262

003 - CONTROL NUMBER IDENTIFIER

  • control field: BD-RjUL

005 - DATE AND TIME OF LATEST TRANSACTION

  • control field: 20211220095805.0

008 - FIXED-LENGTH DATA ELEMENTS

  • fixed length control field: 211220|| aca||aabn | a|a d

040 ## - CATALOGING SOURCE

  • Original cataloging agency: BD-RjUL
  • Transcribing agency: BD-RjUL

150 ## - HEADING--TOPICAL TERM

  • Topical term or geographic name entry element: Arabic
  • Form subdivision: Poetry

670 ## - SOURCE DATA FOUND

  • Source citation: Work cat.: (BD-RjUL)79026: Alī ibn Abī Ṭālib, Caliph;; علي بن ابي طالب، خليفة 260, ديوان امير المؤمنين علي بن ابي طال : مع حاشية زبدة البيان.;;Dīwān Amīr al-Muʼminīn ʻAlī ibn Abī Ṭālib : maʻa ḥāshiyah Zubdat al-bayān./ /, 195?